Automatic Call Transcriber on Mobile Phone for Future Reference to Conversation / (Record no. 536094)

000 -LEADER
fixed length control field 00681nam a22001817a 4500
020 ## - INTERNATIONAL STANDARD BOOK NUMBER
Qualifying information Hard Cover.
082 ## - DEWEY DECIMAL CLASSIFICATION NUMBER
Classification number 005
100 ## - MAIN ENTRY--PERSONAL NAME
Personal name Ishtiaq, Tanavush ; Izzah Kamal Fatih Nasir
245 ## - TITLE STATEMENT
Title Automatic Call Transcriber on Mobile Phone for Future Reference to Conversation /
Statement of responsibility, etc. Tanavush Ishtiaq ; Izzah Kamal Fatih Nasir
260 ## - PUBLICATION, DISTRIBUTION, ETC.
Place of publication, distribution, etc. Islamabad :
Name of publisher, distributor, etc. Computer Science-Project Report
Date of publication, distribution, etc. 2017.
300 ## - PHYSICAL DESCRIPTION
Extent 62 p. : ill. ;
Dimensions 30cm.
Accompanying material CD.
563 ## - BINDING INFORMATION
Binding note HB
650 ## - SUBJECT ADDED ENTRY--TOPICAL TERM
Topical term or geographic name entry element Computer Science-Project Report.
700 ## - ADDED ENTRY--PERSONAL NAME
Personal name Dr. Muhammad Ali Tahir.
856 ## - Uniform Resource Identifier
Uniform Resource Identifier <a href="http://10.250.8.41:8080/xmlui/handle/123456789/21064">http://10.250.8.41:8080/xmlui/handle/123456789/21064</a>
942 ## - ADDED ENTRY ELEMENTS (KOHA)
Source of classification or shelving scheme
Koha item type Thesis
Holdings
Withdrawn status Lost status Source of classification or shelving scheme Damaged status Not for loan Permanent Location Current Location Shelving location Date acquired Full call number Barcode Date last seen Price effective from Koha item type
WITHDRAWN         Central Library (CL) Central Library (CL) Thesis 09/30/2020 005 CL-BP-247 09/30/2020 09/30/2020 Project Report
© 2023 Central Library, National University of Sciences and Technology. All Rights Reserved.